000 00425nam a2200169Ia 4500
008 090711s9999 xx 000 0 und d
082 _b60013
100 _aढोले तारा
245 _aकिनारा
260 _c1964
300 _a124
600 _aढोले तारा
630 _aकिनारा
700 _aढोले तारा
730 _aकिनारा
942 _cBOOK
999 _c307310
_d307310